• 首页
  • 本馆介绍
  • 公告通知
  • 最新文献
  • 馆藏检索
  • 电子资源
  • 读者导购
  • 参考咨询
  • 我的图书馆
  • 登录
  • 详细信息显示
  • 放入我的书架
  • 预约/预借图书
  • 作者相关作品
  • 分类相关作品
  • 丛书相关作品
  • 出版社相关作品

书目信息

  • 表格格式
  • 工作单格式
  • 卡片格式
题名:
登山、攀岩与野营入门
    
 
作者: 马红宇 , 王斌 编著
分册:  
出版信息: 南京   江苏科学技术出版社  2001.10
页数: 216页
开本: 21cm
丛书名: 休闲健身丛书
单 册:
中图分类: G881
科图分类:
主题词: 登山运动--基本知识 , 野营(军事体育)--基本知识
电子资源:
ISBN: 7-5345-3390-2
000 00726nam2 2200241 45
001 0401291756
005 20040129170507.6
010    @a7-5345-3390-2@dCNY10.00
100    @a20040129d2001 km y0chiy0120 ea
101 0  @achi
105    @aa z 000yy
200 1  @a登山、攀岩与野营入门@ADeng Shan、Pan Yan Yu Ye Ying Ru Men@f马红宇,王斌编著@FMa Hong Yu,Wang Bin Bian Zhu
210    @a南京@c江苏科学技术出版社@d2001.10
215    @a216页@c图@d21cm
225    @a休闲健身丛书
410    @12001 @a休闲健身丛书
606 0  @a登山运动@x基本知识
606 0  @a野营(军事体育)@x基本知识
690    @aG881@v4
701    @a马红宇@4编著
701  0 @a王斌@4编著
801    @aCN@bTSTCL@c20040129
905    @b333047-051@dG881@e28@f5
    
    登山、攀岩与野营入门/马红宇,王斌编著.-南京:江苏科学技术出版社,2001.10
    216页:图;21cm.-(休闲健身丛书)
    
    
    ISBN 7-5345-3390-2:CNY10.00
    
●
相关链接 在E读中查询图书 在五车中查询图书 在当当中查询图书 在豆瓣中查询图书


正题名:登山、攀岩与野营入门     索取号:G881/28         预约/预借

序号 登录号 条形码 馆藏地/架位号 状态 备注
1 0333047   203330476   第四借阅区/ [索取号:G881/28] 在馆    
2 0333048   203330485   第四借阅区/ [索取号:G881/28] 在馆    
3 0333049   203330494   第四借阅区/ [索取号:G881/28] 在馆    
4 0333050   203330500   第四借阅区/ [索取号:G881/28] 在馆    
5 0333051   203330519   第一样本阅览室/ [索取号:G881/28] 在馆    
唐山师范学院图书馆 欢迎您!
大连网信软件有限公司© 版权所有